=LDR 00000nam 2200000 4500 =001 INLIS000000000052563 =005 20180217091202 =035 ##$$a 0010-0218000259 =007 ta =008 180217###########################0###### =020 ##$$a 978-979-27-5423-0 =082 ##$$a F Rom K =084 ##$$a F Rom K EMP b =100 #$$a Emperor's New Cloth =245 1#$$a Baju Baru Kaisar =260 ##$$a Jakarta :$b PT. Alex media Komputindo,$c 2009 =300 ##$$a 32 hlm : $b ilus ; $c 30 cm =990 ##$$a 40174017 =990 ##$$a 21100777